Pharmaceutical packaging technology (Record no. 137432)

MARC details
000 -LEADER
fixed length control field 00361nam a2200145Ia 4500
008 - FIXED-LENGTH DATA ELEMENTS--GENERAL INFORMATION
fixed length control field 230917s9999||||xx |||||||||||||| ||und||
040 ## - CATALOGING SOURCE
-- 113924
Original cataloging agency VIVEKANANDA LIBRARY
041 ## - Language
-- English
082 ## - DDC NUMBER
Classification number 615.18 P494P
100 ## - MAIN ENTRY--PERSONAL NAME
Personal name Dean, D A
245 #0 - TITLE STATEMENT
Title Pharmaceutical packaging technology
260 ## - PUBLICATION, DISTRIBUTION, ETC. (IMPRINT)
Place of publication, distribution, etc New York
Name of publisher, distributor, etc Taylor & Francis
Date of publication, distribution, etc 2006
300 ## - PHYSICAL DESCRIPTION
Pages 635 p.
942 ## - ADDED ENTRY ELEMENTS (KOHA)
Koha item type Books
Holdings
Withdrawn status Lost status Damaged status Not for loan Location (home branch) Sublocation or collection (holding branch) Date acquired Koha issues (times borrowed) Koha full call number Accession No. Koha date last seen Koha item type
        VIVEKANANDA LIBRARY VIVEKANANDA LIBRARY 28/02/2008   615.18 P494P 239129 17/09/2023 Books
        VIVEKANANDA LIBRARY VIVEKANANDA LIBRARY 28/02/2008   615.18 P494P 319311 17/09/2023 Books
        VIVEKANANDA LIBRARY VIVEKANANDA LIBRARY 28/02/2008   615.18 P494P 319312 17/09/2023 Books
© Designed and Maintained by Vivekananda Library, MDU Rohtak